<?xml version="1.0" encoding="UTF-8"?>
<record
    xmlns:xsi="http://www.w3.org/2001/XMLSchema-instance"
    xsi:schemaLocation="http://www.loc.gov/MARC21/slim http://www.loc.gov/standards/marcxml/schema/MARC21slim.xsd"
    xmlns="http://www.loc.gov/MARC21/slim">

  <leader>01075na  a2200253   4500</leader>
  <controlfield tag="001">20620</controlfield>
  <controlfield tag="003">MIRAKIL</controlfield>
  <controlfield tag="005">20181213154757.0</controlfield>
  <controlfield tag="008">170125b        tu            000 0      </controlfield>
  <datafield tag="040" ind1=" " ind2=" ">
    <subfield code="a">Milas</subfield>
    <subfield code="b">tur</subfield>
    <subfield code="c">TR-AnCHP</subfield>
  </datafield>
  <datafield tag="041" ind1=" " ind2=" ">
    <subfield code="a">tur</subfield>
  </datafield>
  <datafield tag="082" ind1=" " ind2=" ">
    <subfield code="a">338.6046</subfield>
    <subfield code="b">&#xD6;93 1993</subfield>
  </datafield>
  <datafield tag="090" ind1=" " ind2=" ">
    <subfield code="a">338.6046 &#xD6;93 1993</subfield>
  </datafield>
  <datafield tag="245" ind1=" " ind2=" ">
    <subfield code="a">EBK, YEM Sanayi, SEK' de &#xF6;zelle&#x15F;tirmeye neden kar&#x15F;&#x131;y&#x131;z?</subfield>
    <subfield code="b">T&#xFC;rkiye ekonomisinde kamu iktisadi te&#x15F;ebb&#xFC;slerinin yeri ve g&#x131;da sanayiinde &#xF6;zelle&#x15F;tirme raporu</subfield>
    <subfield code="c">&#xD6;z G&#x131;da-&#x130;&#x15F; sendikas&#x131;</subfield>
  </datafield>
  <datafield tag="246" ind1=" " ind2=" ">
    <subfield code="a">T&#xFC;rkiye ekonomisinde kamu iktisadi te&#x15F;ebb&#xFC;slerinin yeri ve g&#x131;da sanayiinde &#xF6;zelle&#x15F;tirme raporu</subfield>
  </datafield>
  <datafield tag="260" ind1=" " ind2=" ">
    <subfield code="a">Ankara </subfield>
    <subfield code="b">&#xD6;z G&#x131;da-&#x130;&#x15F; sendikas&#x131;</subfield>
    <subfield code="c">1993</subfield>
    <subfield code="f">MNA Ltd. &#x15E;ti.</subfield>
  </datafield>
  <datafield tag="300" ind1=" " ind2=" ">
    <subfield code="a">54 s.</subfield>
    <subfield code="b">tbl.</subfield>
    <subfield code="c">23 sm.</subfield>
  </datafield>
  <datafield tag="610" ind1=" " ind2=" ">
    <subfield code="a">S&#xFC;t End&#xFC;strisi Kurumu (SEK)</subfield>
    <subfield code="x">&#xD6;zelle&#x15F;tirme</subfield>
  </datafield>
  <datafield tag="610" ind1=" " ind2=" ">
    <subfield code="a">Yem Sanayii</subfield>
    <subfield code="x">&#xD6;zelle&#x15F;tirme</subfield>
  </datafield>
  <datafield tag="610" ind1=" " ind2=" ">
    <subfield code="a">Et Bal&#x131;k Kurumu (EBK)</subfield>
    <subfield code="x">&#xD6;zelle&#x15F;tirme</subfield>
  </datafield>
  <datafield tag="650" ind1=" " ind2=" ">
    <subfield code="a">&#xD6;zelle&#x15F;tirme</subfield>
    <subfield code="z">T&#xFC;rkiye</subfield>
  </datafield>
  <datafield tag="740" ind1=" " ind2=" ">
    <subfield code="a">T&#xFC;rkiye ekonomisinde kamu iktisadi te&#x15F;ebb&#xFC;slerinin yeri ve g&#x131;da sanayiinde &#xF6;zelle&#x15F;tirme raporu</subfield>
  </datafield>
  <datafield tag="942" ind1=" " ind2=" ">
    <subfield code="2">dcc</subfield>
    <subfield code="c">BKS</subfield>
  </datafield>
  <datafield tag="952" ind1=" " ind2=" ">
    <subfield code="a">0001</subfield>
    <subfield code="b">0001</subfield>
    <subfield code="d">2017-01-25</subfield>
    <subfield code="e">2</subfield>
    <subfield code="l">0</subfield>
    <subfield code="o">338.6046 &#xD6;93 1993</subfield>
    <subfield code="p">012090</subfield>
    <subfield code="r">2017-01-25 00:00:00</subfield>
    <subfield code="v">0.00</subfield>
    <subfield code="w">2017-01-25</subfield>
    <subfield code="y">BKS</subfield>
  </datafield>
  <datafield tag="999" ind1=" " ind2=" ">
    <subfield code="c">691</subfield>
    <subfield code="d">691</subfield>
  </datafield>
</record>
